Les 20 meilleurs buteurs de la LDC à partir des 1/4 de finale. - Statistiques

Statistiques générales
  • Ce quiz a été pris 701 fois
  • Le résultat moyen est 13 sur 20
Statistiques - réponses
buts joueurs nationalités % Correct
42 Cristiano Ronaldo Portugal
100%
20 Lionel Messi Argentine
100%
19 Karim Benzema France
95%
13 Robert Lewandowski Pologne
94%
11 Didier Drogba Côte d'ivoire
89%
8 Neymar Brésil
89%
8 Luis Suarez Uruguay
88%
8 Sadio Mane Sénégal
87%
12 Thomas Muller Allemagne
85%
13 Andriy Shevchenko Ukraine
83%
10 Wayne Rooney Angleterre
66%
13 Raul Espagne
56%
8 Alessandro Del Piero Italie
55%
13 Filippo Inzaghi Italie
54%
8 Arjen Robben Pays-Bas
49%
11 Frank Lampard Angleterre
35%
8 Kaka Brésil
32%
7 Roberto Firmino Brésil
22%
8 Fernando Morientes Espagne
16%
7 Ivica Olic Croatie
8%
Aucun quiz correspondant
Distribution des résultats
% des personnes avec chaque résultat
Percentile par nombre de réponses
Votre historique - résultats
Vous n’avez pas pris ce quiz